| 000 | 01244nam0a2200313 4500 | ||
|---|---|---|---|
| 001 | RU\NLR\bibl\1736656 | ||
| 005 | 20260406014252.0 | ||
| 010 |
_a978-5-89790-756-4 _93500 |
||
| 021 |
_aRU _b2011-3794 _9259 |
||
| 035 | _a(NLR Aleph) 001727584 | ||
| 090 |
_a1379040 _c1379040 |
||
| 100 | _a20110216d2011 |||y0rusy50 ca | ||
| 101 | 0 | _arus | |
| 102 | _aRU | ||
| 105 | _aa ||||||||| | ||
| 200 | 1 |
_aЗаплати налоги и спи спокойно _e[учебное пособие _fН.Н. Думная и др. _gпод ред. Н.Н. Думной] |
|
| 210 |
_aМосква _cИнтеллект-Центр _d2011 |
||
| 215 |
_a95 с. _cил. _d21 |
||
| 225 | 1 | _aПопулярные финансы | |
| 320 | _aБиблиогр.: с. 93 | ||
| 606 | 1 |
_aНалоговое обложение _jУчебные издания _yРоссийская Федерация _92081365 _3RU\NLR\auth\661257343 |
|
| 686 | _aУ26(2)141.3я7 | ||
| 702 | 1 |
_4220 _7ca _8rus _aДумная _bН. Н. _cд-р экон. наук, писатель _f1947-2015 _gНаталья Николаевна _9102691 _3RU\NLR\AUTH\77119766 |
|
| 801 | 0 |
_aRU _bNLR _c20110216 _gRCR |
|
| 801 | 1 |
_aRU _bNLR _c20110216 |
|
| 942 | _cBOOK | ||
| 980 | _aNB | ||
| 980 | _aNBR | ||